[Event "Moscow Time of the First U11"]
[Site "Moscow"]
[Date "2019.06.21"]
[Round "7"]
[White "Markoziya, Georgiy"]
[Black "Schepanyuk, Artem"]
[Result "1/2-1/2"]
[WhiteElo "1095"]
[BlackElo "1407"]
[PlyCount "87"]
[EventDate "2019.06.17"]
[EventType "swiss"]
[EventRounds "9"]
[EventCountry "RUS"]
[SourceTitle "EXT 2021"]
[Source "ChessBase"]
[SourceDate "2020.10.23"]
[SourceVersion "1"]
[SourceVersionDate "2020.10.23"]
[SourceQuality "1"]

1. e4 e6 2. d4 d5 3. Nd2 Nf6 4. e5 Nfd7 5. Bd3 c5 6. c3 Nc6 7. Ne2 Qb6 8. Nf3 cxd4 9. cxd4 Bb4+ 10. Bd2 Bxd2+ 11. Qxd2 Qb4 12. Nf4 Qxd2+ 13. Kxd2 Nb6 14. b3 0-0 15. Nh5 h6 16. h4 Nd7 17. Rh3 f6 18. Rg3 Rf7 19. Bg6 Re7 20. exf6 Nxf6 21. Nxf6+ gxf6 22. h5 Rg7 23. Ke3 Ne7 24. Nh4 Bd7 25. Rc1 Rc8 26. Rxc8+ Bxc8 27. f4 Bd7 28. Kf3 Bc6 29. Kf2 Bd7 30. Bd3 Rxg3 31. Kxg3 Nc6 32. Nf3 Be8 33. Kh4 Nb4 34. Bb1 Bd7 35. a3 Nc6 36. g4 Na5 37. Bc2 Nc6 38. Bb1 Na5 39. Bc2 Nc6 40. Bb1 Na5 41. Bc2 Nc6 42. Bd3 Na5 43. Bc2 e5 44. g5 1/2-1/2